000 00452nam a22001457a 4500
020 _a9789692107556
082 _a616
_bDAV
245 _aDavidson's Principles and Practice of Medicine /
_cEdited by Lan D. Penman; Stuart H. Ralston; Mark W.J. Strachan; Richard P. Hobson
250 _a24th Edition.
260 _aLondon :
_bElsevier,
_c2022.
300 _a1357 p. ;
_bill,
_c28 cm.
563 _aPBK.
650 _aMedicine
_9113365
942 _2ddc
_cBK
999 _c595169
_d595169